Konsolidovaná účtovná závierka - metódy a zásady konsolidácie

Pokračovanie príspevku z predchádzajúceho čísla. Konsolidácia kapitálu pri dcérskom podniku získanom podnikovou kombináciou. Ilustračné príklady.

Gespeichert in:
Bibliographische Detailangaben
1. Verfasser: Hornická, Renáta, 1977-
Format: Buchkapitel
Sprache:Slowakisch
Schlagworte:
Tags: Tag hinzufügen
Keine Tags, Fügen Sie das erste Tag hinzu!

MARC

LEADER 00000naa a2200000 4500
001 0243803
005 20240502073941.9
041 0 |a slo 
044 |a SK 
245 1 0 |a Konsolidovaná účtovná závierka - metódy a zásady konsolidácie  |c Renáta Hornická 
520 |a Pokračovanie príspevku z predchádzajúceho čísla. Konsolidácia kapitálu pri dcérskom podniku získanom podnikovou kombináciou. Ilustračné príklady. 
610 2 0 |a závierka účtovná 
610 2 0 |a konsolidácia podniku 
610 2 0 |a podnik dcérsky 
610 2 0 |a kapitál 
610 2 0 |a kombinácie podnikové 
100 1 |a Hornická, Renáta, 1977-